000 00391pab a2200169 454500
008 180718b2010 xxu||||| |||| 00| 0 eng d
100 _aGohain, Hiren
245 _aPositions on Assam history
260 _c2010
300 _ap.37-42.
362 _a20 Feb
650 _aAssam - History
650 _aHistory
773 _aEconomic and Political Weekly
908 _aN
909 _a85720
999 _c85720
_d85720